|
|
|
|
| LEADER |
00000nam a2200000 a 4500 |
| 001 |
vtls001390205 |
| 003 |
SK-MaSNL |
| 005 |
20260301071417.0 |
| 008 |
251113s1999 DE aba r yy ger |
| 015 |
|
|
|a SNBZSA2000-00218
|
| 020 |
|
|
|a 3896465023
|
| 035 |
|
|
|a SNK000344473
|
| 035 |
|
|
|a urn:nbn:sk:snk-amyhhp
|
| 035 |
|
|
|a urn:nbn:sk:snk-am00ckpc
|
| 035 |
|
|
|a 65556FE5-FF3F-42A0-A7A5-93838E1D73F1
|
| 040 |
|
|
|a SNK
|b slo
|c SNK
|e AACR2
|
| 041 |
0 |
|
|a ger
|
| 044 |
|
|
|a DE
|
| 080 |
|
|
|a 903"637"(437.6)=30
|2 1981
|
| 100 |
1 |
|
|a Furmánek, Václav,
|d 1942-
|4 aut
|9 104723
|
| 245 |
1 |
4 |
|a Die Bronzezeit im slowakischen Raum
|c von Václav Furmánek, Ladislav Veliačik, Jozef Vladár ; [herausgegeben von Bernhard Hänsel]
|
| 260 |
|
|
|a Rahden/Westf.
|b Marie Leidorf
|c 1999
|
| 300 |
|
|
|a 203 s., [37] s. obr. príl.
|b fotogr. (niektoré fareb.), mp., obr.
|c 30 cm
|
| 490 |
1 |
|
|a Prähistorische Archäologie in Südosteuropa
|x 0723-1725
|v Bd. 15
|
| 500 |
|
|
|a Zo slov. prel. Berta Nieburová a Kornelia Nieburová
|
| 504 |
|
|
|a Bibliogr. s. 191-203. Res. franc. a angl.
|
| 650 |
0 |
7 |
|a doba bronzová
|2 SNKPH
|9 79087
|
| 650 |
0 |
7 |
|a archeologické nálezy
|2 SNKPH
|9 4975
|
| 651 |
|
7 |
|a Slovensko
|x dejiny
|2 SNKPHgeo
|9 13278
|
| 655 |
|
7 |
|a príručky
|2 SNK
|9 74364
|
| 700 |
1 |
|
|a Veliačik, Ladislav,
|d 1943-
|4 aut
|9 112819
|
| 700 |
1 |
|
|a Vladár, Jozef,
|d 1934-2025
|4 aut
|9 85377
|
| 700 |
1 |
|
|a Hänsel, Bernhard
|4 edt
|9 389149
|
| 700 |
1 |
|
|a Nieburová, Berta,
|d 1919-2006
|4 trl
|9 112145
|
| 700 |
1 |
|
|a Nieburová, Kornelia
|4 trl
|9 389150
|
| 830 |
|
0 |
|a Prähistorische Archäologie in Südosteuropa
|9 389151
|
| 919 |
|
|
|a 3-89646-502-3
|
| 958 |
|
|
|a ZS
|
| 958 |
|
|
|a TL
|
| 958 |
|
|
|a NB
|
| 958 |
|
|
|a OP
|
| 958 |
|
|
|a DE
|
| 958 |
|
|
|a OND
|
| 999 |
|
|
|c 637738
|d 639668
|
| 952 |
|
|
|t P60, <03>, [BOOK], {603}
|a SNK
|b SNK
|y PREZ
|7 0
|p 17A0242838
|o snkSB 61940
|i snkV 956/2000
|0 0
|1 0
|4 0
|d 2000-06-28
|f 1
|l 0
|r 2025-04-10 00:00:00
|w 2026-02-23
|